000 00436nam a22001697a 4500
003 NUST - PNEC
005 20170116180837.0
008 150811b xxu||||| |||| 00| 0 eng d
020 _a0333254996
040 _cLIBRARY
082 _a620.1 HUG
100 _95122
_aHughes, J.H.
245 _aBasic engineering mechanics
_cJ.H. Hughes
260 _aHong Kong:
_cc1986.
650 _95125
_aMechanical engineering
_xME
942 _2ddc
_cBK
999 _c64288
_d64288